000 03648cam a22004214i 4500
003 PE-LiUPU
005 20250731173333.0
008 150616s r 000 0 d
020 _a9505121253
035 _a(Sirsi) i9789505121250
040 _aPE-LiUPU
_bspa
_cPE-LiUPU
_erda
049 _aPRUA
082 0 4 _a252
_bA581p
_223
100 1 _aAngelelli, Enrique Angel,
_d1923-1976
_eautor.
245 1 0 _aPastor y profeta :
_bselección de homilías, mensajes y cartas pastorales de monseñor Enrique Angel Angelelli, obispo de La Rioja (1968-1976) /
_cEnrique Angel Angelelli.
264 1 _aBuenos Aires :
_bEditorial Claretiana,
_c1986.
300 _a160 páginas :
_bilustraciones ;
_c21 centímetros.
336 _atext
_2rdacontent
337 _aunmediated
_2rdamedia
338 _avolume
_2rdacarrier
505 0 _aUn riojano más para pastorear este pueblo de Dios -- Pacificar el corazón, mirar al futuro, preparar los hombres del mañana -- El obispo, hombre crucificado; en su corazón deben encontrar cabida las alegrías y los dolores de su pueblo -- Descubramos las fuerzas que llevamos dentro, para leer el evangelio con ojos y corazón de niño, que son los ojos y el corazón del Dios de los cristianos -- Con alma de niños, dar acogida en nuestro corazón al don de la paz -- Colecta Más por Menos, toma de conciencia nacional, un comienzo para aplicar en cristiano la distribución de los bienes -- Urge escuchar la voz de Cristo y llegar incluso a opciones y rupturas interiores si queremos cambiar nuestra manera de vivir -- Una lección que todos debemos aprender -- Desde aquí anunciamos la esperanza que tanta falta nos hace -- Queremos hacer realidad la pascua en La Rioja y en la patria -- Reflexión ante los nuevos hechos de violencia que sacuden a La Rioja: extraer una lección del Día del Niño -- Hemos vivido intensamente alegrías y dolores profundos -- En nuestras madres encontramos un eco de la grandeza y del amor de Dios -- Quiero manifestar un amor grande al pueblo riojano que el Señor me confió; un amor grande a esta hora histórica en que nos toca vivir y que juntos vamos tejiendo dolorosamente; un amor grande a Cristo y a su Iglesia -- Somos obispos y pastores de un Concilio que debe ser llevado a la práctica -- Ser hombres de la luz es no evadirnos de nuestra realidad y construir nuestra historia con los demás -- Es misión del obispo y de toda la Iglesia cuidar que las piedras vivas del cuerpo de Cristo sean respetadas y embellecidas -- Les anunciamos la pascua de siempre, la definitivamente realizada en Cristo, la pascua aún no acabada en nosotros -- Vocación, ordenación sacerdotal, misión -- Seguimos mirando nuestro presente y nuestro futuro con esperanza, aunque sea dolorosa nuestra realidad -- Jesús, nacido en Belén, encuentra a los argentinos, que celebramos esta noche de paz, rechazando los fundamentos verdaderos de la paz -- Seamos constructores de esperanza y de paz -- Dios nuestro Padre, tiene caminos distintos a los que solemos construir los hombres -- Hoy estamos aquí y mañana habrá otros que estarán rezando por nosotros, como nosotros estamos rezando ahora por Gabriel y Carlos.
526 _aSEG42
526 _aSEG41
526 _aSEG40
526 _aSEG39
526 _aP94
526 _aP87
526 _aP86
526 _aP85
526 _aP77
526 _aP76
526 _aP35
600 0 _aAngelelli, Enrique Angel,
_d1923-1976
_xConsejos, reflexiones, etc.
_94337
910 _ajck
942 _2ddc
_cBK
999 _c48471
_d48471
980 _81
_gALBERTO SANCHEZ Responsable de Automatización